Pensées de Pascal (Record no. 161473)

MARC details
000 -LEADER
campo de control de longitud fija 01020nam a22002055i 4500
001 - NÚMERO DE CONTROL
campo de control 161473
003 - IDENTIFICADOR DE NÚMERO DE CONTROL
campo de control ES-MaACL
005 - FECHA Y HORA DE LA ÚLTIMA TRANSACCIÓN
campo de control 20250716063320.0
008 - DATOS DE LONGITUD FIJA--INFORMACIÓN GENERAL
campo de control de longitud fija 041019s1858 fr |||| | fre d
040 ## - FUENTE DE CATALOGACIÓN
Centro catalogador/agencia de origen CAM
Lengua de catalogación spa
Centro/agencia transcriptor CAM
100 1# - ENTRADA PRINCIPAL--NOMBRE DE PERSONA
Nombre de persona Pascal, Blaise,
Fechas asociadas al nombre 1623-1662
9 (RLIN) 89307
245 10 - MENCIÓN DEL TÍTULO
Título Pensées de Pascal
Resto del título : édition variorum d'aprés le texte du manuscrit autographe contenant les lettres et opuscules, l'histoire des éditions des pensées. La vie de Pascal par sa soeur /
Mención de responsabilidad, etc. des notes choisies et inédites et un index complet par Charles Louandre.
260 ## - PUBLICACIÓN, DISTRIBUCIÓN, ETC.
Lugar de publicación, distribución, etc. Paris :
Nombre del editor, distribuidor, etc. Charpentier, libraire-éditeur,
Fecha de publicación, distribución, etc. 1858 (
Fabricante Imprimerie de P.-A. Bourdier et Cie)
300 ## - DESCRIPCIÓN FÍSICA
Extensión 613 p. ;
Dimensiones 18 cm.
490 1# - MENCIÓN DE SERIE
Mención de serie Collection des Classiques français des XVI, XVII et XVIII siècles
700 0# - ENTRADA AGREGADA--NOMBRE PERSONAL
Nombre de persona Louandre, Charles.
9 (RLIN) 74310
830 0# - PUNTO DE ACCESO ADICIONAL DE SERIE-TÍTULO UNIFORME
Título uniforme Collection des Classiques français des XVI, XVII et XVIII siècles
9 (RLIN) 222117
852 ## - LOCALIZACIÓN
Ubicación ES-MaACL
Número de control de estantería D-2685
Nota libre -- Enc. hol.
-- -- Legado M. de La Fuente
Holdings
Estatus retirado Estado de pérdida Estado de daño No para préstamo Colección Biblioteca de origen Biblioteca actual Ubicación en estantería Fecha de adquisición Fuente de adquisición Total de préstamos Signatura topográfica completa Código de barras Visto por última vez Precio de reemplazo Tipo de ítem Koha
        Libros del s. XIX Biblioteca del Ateneo de Madrid Biblioteca del Ateneo de Madrid Sala Valle Inclán 17/01/2008     D-2685 901169137 23/02/2023 23/02/2023 Libro impreso antiguo